[Event "Crete Poa op"]
[Site "Crete"]
[Date "2012.04.28"]
[Round "5"]
[White "Daskalaki, Sofia"]
[Black "Vitsaxaki, Marilena"]
[Result "1-0"]
[WhiteElo "1010"]
[BlackElo "1005"]
[PlyCount "47"]
[EventDate "2012.04.26"]
[EventType "swiss"]
[EventRounds "7"]
[EventCountry "GRE"]
[SourceTitle "EXT 2024"]
[Source "ChessBase"]
[SourceDate "2023.10.10"]
[SourceVersion "1"]
[SourceVersionDate "2023.10.10"]
[SourceQuality "1"]

1. e4 e5 2. Nf3 Nc6 3. d4 d6 4. dxe5 Qe7 5. Nc3 Nxe5 6. Be2 c6 7. 0-0 Nf6 8. Bf4 Neg4 9. h3 Nxe4 10. hxg4 d5 11. Bd3 Nxc3 12. bxc3 Bxg4 13. Re1 Be6 14. Nd4 0-0-0 15. Bf5 Qh4 16. Bxe6+ fxe6 17. g3 Qh3 18. Qf3 e5 19. Rxe5 Bd6 20. Rh5 Qd7 21. Bxd6 Qxd6 22. Re1 Rhf8 23. Qg4+ Kc7 24. Ne6+ 1-0